[Event "Chigorin Memorial 23rd"]
[Site "St Petersburg"]
[Date "2015.10.11"]
[Round "9"]
[White "Kopasov, Evgeny Aleksandrovi"]
[Black "Rovnov, Vladislav"]
[Result "0-1"]
[WhiteElo "2050"]
[BlackElo "1895"]
[PlyCount "98"]
[EventDate "2015.10.03"]
[EventType "swiss"]
[EventRounds "9"]
[EventCountry "RUS"]
[SourceTitle "CBM 168 Extra"]
[Source "ChessBase"]
[SourceDate "2015.10.29"]
[SourceVersion "1"]
[SourceVersionDate "2015.10.29"]
[SourceQuality "1"]

1. d4 d5 2. Bf4 Nf6 3. Nf3 c5 4. e3 Nc6 5. c3 Qb6 6. Qb3 c4 7. Qxb6 axb6 8. Na3 Ra5 9. Bc7 e6 10. Bxb6 Ra6 11. Bc5 Bxc5 12. dxc5 Ne4 13. Nb5 Ke7 14. Be2 Nxc5 15. 0-0 Rb6 16. a4 Nxa4 17. Rxa4 Rxb5 18. b4 Rb6 19. Nd4 Bd7 20. Ra2 Kd6 21. Rd1 Nxd4 22. exd4 Rc6 23. f4 Rcc8 24. Rda1 h6 25. Bf3 Rhg8 26. Kf2 Ke7 27. Re1 Kf6 28. Ke3 Ra8 29. Rea1 Rxa2 30. Rxa2 g5 31. g3 gxf4+ 32. Kxf4 Ke7 33. Re2 Kd6 34. g4 f6 35. h4 e5+ 36. dxe5+ fxe5+ 37. Rxe5 Rf8+ 38. Rf5 Bxf5 39. gxf5 b5 40. h5 Rf7 41. Bh1 Rg7 42. Bf3 Rg1 43. f6 Rf1 44. Ke3 Ke6 45. f7 Rxf3+ 46. Kxf3 Kxf7 47. Ke3 Ke6 48. Kf3 Kf5 49. Ke3 Ke5 0-1

[Event "Chigorin Memorial 23rd"]
[Site "St Petersburg"]
[Date "2015.10.06"]
[Round "4"]
[White "Rovnov, Vladislav"]
[Black "Ioffe, Ilya"]
[Result "0-1"]
[WhiteElo "1895"]
[BlackElo "2087"]
[PlyCount "108"]
[EventDate "2015.10.03"]
[EventType "swiss"]
[EventRounds "9"]
[EventCountry "RUS"]
[SourceTitle "CBM 168 Extra"]
[Source "ChessBase"]
[SourceDate "2015.10.29"]
[SourceVersion "1"]
[SourceVersionDate "2015.10.29"]
[SourceQuality "1"]

1. d4 d5 2. c4 c6 3. e3 Nf6 4. Nf3 Bf5 5. Nc3 e6 6. Nh4 Be4 7. Be2 Be7 8. 0-0 0-0 9. Nf3 Nbd7 10. Qb3 Qc7 11. Bd2 dxc4 12. Qxc4 Bxf3 13. Bxf3 e5 14. Rac1 exd4 15. exd4 Nb6 16. Qb3 Qd7 17. Be3 Rfd8 18. Rfe1 Bf8 19. a4 Qf5 20. Rcd1 Rd7 21. Bc1 Qa5 22. Qa2 Rad8 23. Be3 h6 24. Rc1 Bb4 25. Rc2 Nxa4 26. Ra1 Nxc3 27. bxc3 Qxa2 28. Raxa2 Bc5 29. Kf1 Bb6 30. Rcb2 Ne8 31. c4 Bxd4 32. Bxd4 Rxd4 33. Rxb7 Rxc4 34. Raxa7 Nd6 35. Rd7 Rxd7 36. Rxd7 Nf5 37. Rd8+ Kh7 38. g3 Nd4 39. Be4+ g6 40. h4 Ne6 41. Rc8 Rxe4 42. Rxc6 Kg7 43. Ra6 Kf6 44. Ra7 Nc5 45. Rc7 Nd3 46. Rd7 Re1+ 47. Kg2 Ne5 48. Ra7 Kf5 49. f4 Nd3 50. Rxf7+ Kg4 51. Rf6 Re2+ 52. Kf1 Kf3 53. Kg1 Re1+ 54. Kh2 Nf2 0-1

[Event "Chigorin Memorial 23rd"]
[Site "St Petersburg"]
[Date "2015.10.05"]
[Round "3"]
[White "Rovnov, Vladislav"]
[Black "Shugalei, Mikhail"]
[Result "1-0"]
[WhiteElo "1895"]
[BlackElo "1663"]
[PlyCount "167"]
[EventDate "2015.10.03"]
[EventType "swiss"]
[EventRounds "9"]
[EventCountry "RUS"]
[SourceTitle "CBM 168 Extra"]
[Source "ChessBase"]
[SourceDate "2015.10.29"]
[SourceVersion "1"]
[SourceVersionDate "2015.10.29"]
[SourceQuality "1"]

1. e4 c5 2. Nf3 Nc6 3. d4 cxd4 4. Nxd4 d6 5. Nc3 Nf6 6. Bg5 e5 7. Nf3 Be7 8. Be2 h6 9. Bxf6 Bxf6 10. 0-0 a6 11. Qd2 Bg4 12. Nd5 Bxf3 13. Bxf3 Bg5 14. Ne3 0-0 15. c3 Qd7 16. Qd3 Ne7 17. Nd5 Nxd5 18. Qxd5 Qc6 19. Rfd1 Rfd8 20. Rd3 Qxd5 21. Rxd5 Rac8 22. Rad1 Be7 23. Kf1 Rc5 24. Bg4 Rc4 25. Bf3 Rdc8 26. Ke1 R8c5 27. Rxc5 Rxc5 28. Kd2 g6 29. Kc2 a5 30. b3 b6 31. Kb2 Rc7 32. Be2 Kg7 33. a3 f5 34. f3 Kf6 35. b4 Ke6 36. Kb3 Bd8 37. Bc4+ Ke7 38. Bg8 f4 39. Bh7 g5 40. Bg8 Rc8 41. Bd5 Bc7 42. h4 Kf6 43. hxg5+ Kxg5 44. Ka4 Rh8 45. Rh1 h5 46. Kb5 Rh7 47. Kc6 Rg7 48. Be6 Re7 49. Bd7 Bb8 50. Rb1 a4 51. c4 Kh4 52. Rb2 Kg3 53. Rc2 h4 54. Bh3 Bc7 55. Kb5 Bd8 56. Kc6 Bc7 57. Rc3 Rg7 58. Kb5 Kh2 59. Rc2 Rg3 60. Kc6 Rg7 61. Bg4 Kg3 62. Ra2 Kh2 63. Kb5 Kg3 64. Kxa4 Bd8 65. Bh3 Kh2 66. Kb5 Rg3 67. Kc6 Rxh3 68. gxh3+ Kxh3 69. Kd7 Bg5 70. a4 Kg3 71. a5 Kxf3 72. a6 Kg3 73. a7 h3 74. a8Q h2 75. Qh8 Bh4 76. Rxh2 Kxh2 77. Qxh4+ Kg2 78. Qg4+ Kf2 79. Kxd6 Ke3 80. Kxe5 f3 81. Qg3 Ke2 82. Kf4 f2 83. Qe3+ Kf1 84. Kg3 1-0

[Event "Chigorin Memorial 23rd"]
[Site "St Petersburg"]
[Date "2015.10.04"]
[Round "2"]
[White "Grinblat, Artemiy"]
[Black "Rovnov, Vladislav"]
[Result "1-0"]
[WhiteElo "2099"]
[BlackElo "1895"]
[PlyCount "63"]
[EventDate "2015.10.03"]
[EventType "swiss"]
[EventRounds "9"]
[EventCountry "RUS"]
[SourceTitle "CBM 168 Extra"]
[Source "ChessBase"]
[SourceDate "2015.10.29"]
[SourceVersion "1"]
[SourceVersionDate "2015.10.29"]
[SourceQuality "1"]

1. e4 e6 2. d4 d5 3. Nc3 Bb4 4. e5 Ne7 5. a3 Bxc3+ 6. bxc3 c5 7. h4 Qc7 8. h5 cxd4 9. cxd4 Qc3+ 10. Bd2 Qxd4 11. Nf3 Qe4+ 12. Be2 Nf5 13. Kf1 0-0 14. Bd3 Qg4 15. h6 g6 16. Qc1 b6 17. Bf4 Ba6 18. Rh3 Ne7 19. Bxa6 Nxa6 20. Rh4 Qf5 21. Nd4 Qe4 22. Bg3 Qxh4 23. Bxh4 Nf5 24. Nxf5 exf5 25. Be7 Rfe8 26. Bd6 Nc5 27. Bxc5 bxc5 28. f4 Rac8 29. Rb1 Rc7 30. Rb5 d4 31. Qb2 Rd8 32. Rb8 1-0

[Event "Buryatia-ch 3rd"]
[Site "Ulan-Ude"]
[Date "2015.01.07"]
[Round "6"]
[White "Rovnov, Vladislav"]
[Black "Bazhenov, Aleksandr Ivanovich"]
[Result "0-1"]
[WhiteElo "1923"]
[BlackElo "2005"]
[PlyCount "44"]
[EventDate "2015.01.05"]
[EventType "swiss"]
[EventRounds "9"]
[EventCountry "RUS"]
[SourceTitle "CBM 164 Extra"]
[Source "ChessBase"]
[SourceDate "2015.03.02"]
[SourceVersion "1"]
[SourceVersionDate "2015.03.02"]
[SourceQuality "1"]

1. d4 d5 2. c4 e6 3. Nf3 c6 4. g3 Nf6 5. Bg2 dxc4 6. 0-0 Be7 7. Ne5 0-0 8. Nxc4 Na6 9. Nc3 Bd7 10. e4 b5 11. Ne3 Qb6 12. a4 Rad8 13. a5 Qb8 14. e5 Nd5 15. Ncxd5 cxd5 16. f4 f6 17. f5 fxe5 18. dxe5 Qxe5 19. fxe6 Bxe6 20. Rxf8+ Bxf8 21. Kh1 Nc5 22. b4 Qxa1 0-1

[Event "Buryatia-ch 3rd"]
[Site "Ulan-Ude"]
[Date "2015.01.05"]
[Round "2"]
[White "Rovnov, Vladislav"]
[Black "Dashiev, Kim"]
[Result "1-0"]
[WhiteElo "1923"]
[BlackElo "2041"]
[PlyCount "89"]
[EventDate "2015.01.05"]
[EventType "swiss"]
[EventRounds "9"]
[EventCountry "RUS"]
[SourceTitle "CBM 164 Extra"]
[Source "ChessBase"]
[SourceDate "2015.03.02"]
[SourceVersion "1"]
[SourceVersionDate "2015.03.02"]
[SourceQuality "1"]

1. e4 c5 2. Nf3 e6 3. d4 cxd4 4. Nxd4 Nc6 5. Nc3 a6 6. Nxc6 bxc6 7. Bd3 Qc7 8. 0-0 Nf6 9. Re1 e5 10. Bc4 Be7 11. Be3 0-0 12. Qd2 Rb8 13. Bb3 Rd8 14. Bg5 d6 15. h3 Be6 16. f4 h6 17. Bxf6 Bxf6 18. f5 Bc8 19. Rad1 Bb7 20. Qe2 Qe7 21. Qh5 Kf8 22. g3 a5 23. h4 a4 24. Bxa4 d5 25. Bb3 d4 26. Nb1 Ba6 27. Nd2 Rd7 28. Nf3 c5 29. g4 Qd6 30. g5 Bd8 31. f6 Kg8 32. fxg7 Kxg7 33. gxh6+ Kh7 34. Qf5+ Kxh6 35. Nxe5 Bc7 36. Ng4+ Kg7 37. e5 Qg6 38. Qxg6+ Kxg6 39. e6 fxe6 40. Rxe6+ Kf5 41. Nh6+ Kf4 42. Rxa6 Rg7+ 43. Kh2 Bb6 44. Rf1+ Ke3 45. Nf5+ 1-0

[Event "Novokuznetsk SFO-ch U15"]
[Site "Novokuznetsk"]
[Date "2014.11.06"]
[Round "5"]
[White "Rovnov, Vladislav"]
[Black "Bazhenov, Aleksandr Ivanovich"]
[Result "0-1"]
[WhiteElo "1871"]
[BlackElo "1902"]
[PlyCount "80"]
[EventDate "2014.11.02"]
[EventType "swiss"]
[EventRounds "9"]
[EventCountry "RUS"]
[SourceTitle "CBM 163 Extra"]
[Source "ChessBase"]
[SourceDate "2014.12.23"]
[SourceVersion "1"]
[SourceVersionDate "2014.12.23"]
[SourceQuality "1"]

1. e4 c6 2. d4 d5 3. e5 Bf5 4. h4 h5 5. c4 e6 6. Nc3 Ne7 7. Nf3 Bg4 8. Bg5 Qb6 9. Na4 Qa5+ 10. Bd2 Qc7 11. Nc3 Nd7 12. Rc1 dxc4 13. Bxc4 Nb6 14. Bb3 Nf5 15. Be3 Qd7 16. Ne4 Bxf3 17. gxf3 Bb4+ 18. Kf1 Be7 19. Ng5 Rd8 20. Qd3 Nxd4 21. Nxf7 Nxb3 22. Qxd7+ Rxd7 23. Nxh8 Nxc1 24. Bxc1 Rd1+ 25. Kg2 Rxh1 26. Kxh1 Bxh4 27. Kg2 Nd5 28. Ng6 Bd8 29. Kg3 Ne7 30. Nxe7 Bxe7 31. Be3 a6 32. f4 Kf7 33. Kh3 Kg6 34. Kg3 Kf5 35. f3 g6 36. Bd2 Bf8 37. Be3 Bh6 38. Bd2 h4+ 39. Kxh4 Bxf4 40. Be1 Bxe5 0-1

[Event "Novokuznetsk SFO-ch U15"]
[Site "Novokuznetsk"]
[Date "2014.11.05"]
[Round "4"]
[White "Klimenko, Maksim"]
[Black "Rovnov, Vladislav"]
[Result "1/2-1/2"]
[WhiteElo "1962"]
[BlackElo "1871"]
[PlyCount "63"]
[EventDate "2014.11.02"]
[EventType "swiss"]
[EventRounds "9"]
[EventCountry "RUS"]
[SourceTitle "CBM 163 Extra"]
[Source "ChessBase"]
[SourceDate "2014.12.23"]
[SourceVersion "1"]
[SourceVersionDate "2014.12.23"]
[SourceQuality "1"]

1. d4 d6 2. Nf3 Bg4 3. c4 Bxf3 4. exf3 c6 5. Nc3 g6 6. Be3 Bg7 7. Qd2 Nd7 8. Be2 a6 9. a4 a5 10. h4 h5 11. d5 Ngf6 12. g4 hxg4 13. fxg4 Ne5 14. Bd4 Ned7 15. f4 c5 16. Bf2 Qb6 17. 0-0-0 Qb4 18. Qc2 Nb6 19. Nb5 Nxa4 20. Be1 Qxb2+ 21. Qxb2 Nxb2 22. Kxb2 Nxd5+ 23. Ka3 Nxf4 24. Nc7+ Kd7 25. Nxa8 Nxe2 26. Nb6+ Kc6 27. Na4 b5 28. cxb5+ Kxb5 29. Rb1+ Kc6 30. Bxa5 Ra8 31. Bd2 Nd4 32. h5 1/2-1/2

[Event "Novokuznetsk SFO-ch U15"]
[Site "Novokuznetsk"]
[Date "2014.11.03"]
[Round "2"]
[White "Dashiev, Bator"]
[Black "Rovnov, Vladislav"]
[Result "0-1"]
[WhiteElo "800"]
[BlackElo "1871"]
[PlyCount "72"]
[EventDate "2014.11.02"]
[EventType "swiss"]
[EventRounds "9"]
[EventCountry "RUS"]
[SourceTitle "CBM 163 Extra"]
[Source "ChessBase"]
[SourceDate "2014.12.23"]
[SourceVersion "1"]
[SourceVersionDate "2014.12.23"]
[SourceQuality "1"]

1. e4 e6 2. d4 d5 3. e5 c5 4. c3 Qb6 5. Nf3 Nc6 6. a3 Nh6 7. b4 cxd4 8. Bxh6 gxh6 9. cxd4 Bg7 10. Be2 0-0 11. 0-0 f6 12. b5 Ne7 13. exf6 Bxf6 14. Ra2 Nf5 15. Rd2 Bd7 16. a4 Rac8 17. g4 Nd6 18. Qb3 Ne4 19. Rd3 Rc7 20. Na3 Rfc8 21. Qb4 a5 22. Qb2 Be8 23. Nd2 Nxd2 24. Rxd2 Bg6 25. Bd1 Rc3 26. Nc2 Bd3 27. Re1 Bxc2 28. Bxc2 Bxd4 29. Qb1 Bxf2+ 30. Rxf2 Rxc2 31. Ref1 Rxf2 32. Rxf2 Rf8 33. Qe1 Qxf2+ 34. Qxf2 Rxf2 35. Kxf2 Kf7 36. Ke3 e5 0-1

[Event "Ulan-Ude Bajkal op 10th"]
[Site "Ulan-Ude"]
[Date "2014.08.12"]
[Round "8"]
[White "Zherebtsova, Svetlana"]
[Black "Rovnov, Vladislav"]
[Result "0-1"]
[WhiteElo "1747"]
[BlackElo "1880"]
[PlyCount "68"]
[EventDate "2014.07.07"]
[EventType "swiss"]
[EventRounds "9"]
[EventCountry "RUS"]
[SourceTitle "CBM 161 Extra"]
[Source "ChessBase"]
[SourceDate "2014.08.29"]
[SourceVersion "1"]
[SourceVersionDate "2014.08.29"]
[SourceQuality "1"]

1. e4 d6 2. d4 Nf6 3. Nc3 g6 4. Nf3 Bg7 5. Be2 c6 6. 0-0 b5 7. a3 0-0 8. Re1 a6 9. h3 Bb7 10. Bg5 h6 11. Bh4 Nh5 12. Qd2 g5 13. Bg3 Nxg3 14. fxg3 Qb6 15. Kh2 c5 16. Rad1 Nd7 17. Bf1 Rac8 18. Nd5 Qd8 19. Nc3 Re8 20. b3 Qb6 21. Re3 Qa5 22. a4 bxa4 23. bxa4 h5 24. g4 cxd4 25. Nxd4 Be5+ 26. g3 h4 27. Kg1 Bxg3 28. Rxg3 hxg3 29. Bb5 Ne5 30. Qxg5+ Ng6 31. Nf5 Qb6+ 32. Kh1 Rxc3 33. Bd3 Qf2 34. Nxg3 Qxg3 0-1

[Event "Ulan-Ude Bajkal op 10th"]
[Site "Ulan-Ude"]
[Date "2014.08.11"]
[Round "6"]
[White "Poghosyan, Tigran1111"]
[Black "Rovnov, Vladislav"]
[Result "1-0"]
[WhiteElo "2234"]
[BlackElo "1880"]
[PlyCount "67"]
[EventDate "2014.07.07"]
[EventType "swiss"]
[EventRounds "9"]
[EventCountry "RUS"]
[SourceTitle "CBM 161 Extra"]
[Source "ChessBase"]
[SourceDate "2014.08.29"]
[SourceVersion "1"]
[SourceVersionDate "2014.08.29"]
[SourceQuality "1"]

1. d4 Nf6 2. Nf3 g6 3. c4 Bg7 4. Nc3 0-0 5. Bg5 d6 6. e3 c5 7. Be2 Bd7 8. 0-0 a6 9. a3 h6 10. Bh4 Qa5 11. Bxf6 exf6 12. b4 cxb4 13. axb4 Qd8 14. c5 a5 15. Nd5 Nc6 16. b5 Ne7 17. Nb6 Ra7 18. Qe1 Qc7 19. Rxa5 Rxa5 20. Qxa5 dxc5 21. dxc5 Nd5 22. Qd2 Nxb6 23. cxb6 Qc8 24. Rc1 Qe8 25. Qd5 f5 26. Qxb7 Bxb5 27. Bxb5 Qxb5 28. g3 g5 29. Rc8 g4 30. Rxf8+ Bxf8 31. Nd4 Qb1+ 32. Kg2 Bc5 33. Qc8+ Bf8 34. Qc6 1-0

[Event "Ulan-Ude Bajkal op 10th"]
[Site "Ulan-Ude"]
[Date "2014.08.10"]
[Round "4"]
[White "Mogloev, Alexander"]
[Black "Rovnov, Vladislav"]
[Result "1/2-1/2"]
[WhiteElo "1797"]
[BlackElo "1880"]
[PlyCount "108"]
[EventDate "2014.07.07"]
[EventType "swiss"]
[EventRounds "9"]
[EventCountry "RUS"]
[SourceTitle "CBM 161 Extra"]
[Source "ChessBase"]
[SourceDate "2014.08.29"]
[SourceVersion "1"]
[SourceVersionDate "2014.08.29"]
[SourceQuality "1"]

1. c4 e6 2. Nf3 c5 3. Nc3 Nc6 4. d4 cxd4 5. Nxd4 Nf6 6. g3 Be7 7. Bg2 0-0 8. 0-0 a6 9. h3 Qc7 10. Be3 d6 11. Rc1 Bd7 12. Nd5 Qd8 13. Nxe7+ Qxe7 14. Qd2 Nxd4 15. Qxd4 Bc6 16. Rfd1 Bxg2 17. Kxg2 d5 18. Qb6 Rac8 19. b4 Nd7 20. Qd4 Qxb4 21. cxd5 Qxd4 22. Rxd4 exd5 23. Rxd5 Nf6 24. Rdc5 Rxc5 25. Rxc5 b5 26. Rc6 Ra8 27. Kf3 a5 28. Bd2 h6 29. Bxh6 Nd7 30. Bf4 g5 31. Rc7 gxf4 32. Rxd7 fxg3 33. fxg3 Rc8 34. Rd5 Rc2 35. Rxb5 Rxa2 36. g4 Ra3+ 37. e3 Ra1 38. Kf4 Rh1 39. Rxa5 Rxh3 40. e4 Kg7 41. Rh5 Ra3 42. Rb5 Ra4 43. Kf5 Ra6 44. g5 Rc6 45. Rd5 Rb6 46. e5 Rb1 47. Rd7 Rf1+ 48. Ke4 Re1+ 49. Kd5 Kg6 50. Rd6+ Kxg5 51. Rf6 Rd1+ 52. Kc6 Re1 53. Kd6 Rd1+ 54. Ke7 Rd5 1/2-1/2